000 00612nam a22001937a 4500
005 20251108172149.0
008 250721s1987 xx 000 0 ara d
082 1 4 _a922.1/مقد
100 1 _aالمقدسي، جمال الدين يوسف بن حسن
245 1 0 _aذيل إبن عبد الهادي على طبقات إبن رجب /
264 1 _aالرياض :
_bدار العاصمة،
_c1987.
300 _a134ص
490 0 _aطبقات الحنابلة ؛1
650 1 7 _aالإسلام
650 1 7 _aالتراجم
650 1 7 _aالمذهب الحنبلي
942 _2ddc
_cBK
999 _c72016
_d72016